| 000 | 00758nam a2200253Ia 4500 | ||
|---|---|---|---|
| 003 | OSt | ||
| 005 | 20220928101552.0 | ||
| 006 | a|||||r|||| 00| 0 | ||
| 007 | ta | ||
| 008 | 220927b |||||||| |||| 00| 0 hin d | ||
| 020 | _cINR 800.00 | ||
| 024 | _a140406 | ||
| 037 |
_b1406, 14/02/2019, Shivanjali Prakashan & Book Seller _cTextual |
||
| 040 |
_aSDCL _cSDCL _bhin |
||
| 041 |
_2hin _ahin |
||
| 082 | _aO152,2N43x, Q8 | ||
| 100 |
_aTaneja Jaidev _9391807 |
||
| 245 | 0 | _aRang-Vividha | |
| 260 |
_aNew Delhi _bTaxshila Prakashan _c2018 |
||
| 300 |
_a336 _ccm. |
||
| 650 |
_aHindi _9391598 |
||
| 942 |
_hO152,2N43x, Q8 _cTEXL _2CC |
||
| 999 |
_c707647 _d707647 |
||